<?xml version="1.0" encoding="UTF-8"?>
<collection xmlns="http://www.loc.gov/MARC21/slim">
 <record>
  <leader>00984nam a2200217 a 4500</leader>
  <controlfield tag="001">1/54234</controlfield>
  <controlfield tag="008">211027s1991    enk           000 | eng d</controlfield>
  <datafield tag="020" ind1=" " ind2=" ">
   <subfield code="a">0850585007</subfield>
  </datafield>
  <datafield tag="040" ind1=" " ind2=" ">
   <subfield code="a">GR-PeUP</subfield>
  </datafield>
  <datafield tag="082" ind1="0" ind2="0">
   <subfield code="a">338.4767700959 FIN</subfield>
  </datafield>
  <datafield tag="100" ind1="1" ind2=" ">
   <subfield code="a">Finnerty, Anne.</subfield>
  </datafield>
  <datafield tag="245" ind1="0" ind2="0">
   <subfield code="a">Textiles and clothing in South East Asia : </subfield>
   <subfield code="b">competitive threat or investment opportunity? / </subfield>
   <subfield code="c">by Anne Finnerty.</subfield>
  </datafield>
  <datafield tag="260" ind1=" " ind2=" ">
   <subfield code="a">London, U.K. : </subfield>
   <subfield code="a">New York, NY, USA : </subfield>
   <subfield code="b">Economist Intelligence Unit, </subfield>
   <subfield code="c">c1991.</subfield>
  </datafield>
  <datafield tag="300" ind1=" " ind2=" ">
   <subfield code="a">242 σ. : </subfield>
   <subfield code="b">εικ. ; </subfield>
   <subfield code="c">30 εκ.</subfield>
  </datafield>
  <datafield tag="490" ind1="1" ind2=" ">
   <subfield code="a">Special report (Economist Intelligence Unit (Great Britain)) ; </subfield>
  </datafield>
  <datafield tag="650" ind1=" " ind2="0">
   <subfield code="a">Textile industry</subfield>
   <subfield code="z">Southeast Asia.</subfield>
  </datafield>
  <datafield tag="650" ind1=" " ind2="0">
   <subfield code="a">Clothing trade</subfield>
   <subfield code="z">Southeast Asia.</subfield>
  </datafield>
  <datafield tag="650" ind1=" " ind2="4">
   <subfield code="a">Κλωστοϋφαντουργία</subfield>
   <subfield code="z">Νοτιοανατολική Ασία.</subfield>
  </datafield>
  <datafield tag="830" ind1="0" ind2="0">
   <subfield code="a">Special report (Economist Intelligence Unit (Great Britain))</subfield>
   <subfield code="v">2082</subfield>
  </datafield>
  <datafield tag="852" ind1=" " ind2=" ">
   <subfield code="a">INST</subfield>
   <subfield code="b">UNIPILB</subfield>
   <subfield code="c">MAIN</subfield>
   <subfield code="e">20211027</subfield>
   <subfield code="h">338.4767700959 FIN</subfield>
   <subfield code="p">00186050</subfield>
   <subfield code="q">00186050</subfield>
   <subfield code="t">LOAN</subfield>
   <subfield code="y">0</subfield>
   <subfield code="4">1</subfield>
  </datafield>
  <datafield tag="960" ind1=" " ind2=" ">
   <subfield code="a">ΑΛΜΠΑΝΗ ΤΑΝΙΑ</subfield>
  </datafield>
 </record>
</collection>
